Zviditeľnia regionálne potraviny

Stručná charakteristika veľtrhu Salima 2008. Čo ponúkne svojim návštevníkom veľtrh v roku 2010. Sprievodné podujatia.

Guardado en:
Detalles Bibliográficos
Autor principal: Košťál, Daniel
Formato: Capítulo de libro
Lenguaje:eslovaco
Materias:
Etiquetas: Agregar Etiqueta
Sin Etiquetas, Sea el primero en etiquetar este registro!

MARC

LEADER 00000naa$a2200000$$$4500
001 0102458
005 20231128094132.0
041 0 |a slo 
044 |a SK 
245 1 0 |a Zviditeľnia regionálne potraviny  |c Daniel Košťál 
520 |a Stručná charakteristika veľtrhu Salima 2008. Čo ponúkne svojim návštevníkom veľtrh v roku 2010. Sprievodné podujatia. 
610 2 0 |a veľtrhy 
610 2 0 |a potraviny 
610 2 0 |a technológia 
610 2 0 |a potravinárstvo 
610 2 0 |a Česko 
100 1 |a Košťál, Daniel